000 00700nam a2200217Ii 4500
003 JO-AjNU
008 230605s9999||||xx |||||||||||||| ||und||
017 _a2003/7/1502
040 _aJO-AjNU
_bara
_erda
_cJO-AjNU
041 _aara
050 1 4 _aPJ7541.Z3952 2003
100 3 _aتأليف الزيدي، كاصد ياسر,
_eauthor
_923724
245 0 0 _aدراسات نقدية في اللغة والنحو
250 _aط1
264 3 1 _aعمان: دار أسامة، 2003
300 _a168ص
336 _atext
_btxt
_2rdacontent
337 _aunmediated
_bn
_2rdamedia
338 _avolume
_bnc
_2rdacarrier
650 4 _aاللغة العربية - تحليل ونقد - قواعد
_923725
999 _aA8627
_c12195
_d12195